000 01443nam0a2200385 4500
001 RU\NLR\bibl\262720
005 20250620130513.0
010 _a5-87444-140-9
_91000
021 _aRU
_b2002-2412
_9117
035 _a(NLR Aleph) 000258353
090 _a1508726
_c1508726
100 _a20020426d2001 |||y0rusy50 ca
101 0 _arus
102 _aRU
105 _ay |||||||||
200 1 _aЖенщина. Миграция. Государство
_fЕ. В. Тюрюканова, М. М. Малышева
_gРос. акад. наук, Ин-т соц.-экон. проблем народонаселения, Моск. центр гендер. исслед.
210 _aМ.
_cAcademia
_d2001
215 _a229 с.
_d20
606 0 _aЖенщины
_xМиграция
_92248970
_3RU\NLR\auth\661349102
610 0 _aЖенский труд
610 0 _aМиграция рабочей силы
610 0 _aРынок труда международный
675 _a316.346.2-055.2
_v3
_zrus
686 _a04
_2rugasnti
686 _a60.54
_2rubbk
686 _aС73(2)74-25
686 _aС550.33
700 1 _aТюрюканова
_bЕ. В.
_gЕлена Владимировна
_4070
701 1 _aМалышева
_bМ. М.
_gМарина Михайловна
_4070
801 0 _aRU
_bRKP
_c20020426
_gPSBO
801 1 _aRU
_bRKP
_c20020426
801 2 _aRU
_bNLR
_c20020701
_grcr
942 _cBOOK
980 _aNB